000 01000nam a22002657a 4500
001 000000016
003 OSt
005 20260601193858.0
008 260424b2006 spa |||| |||| 00| 0 spa d
020 _a9872167079
020 _a9789872167073
040 _aICI
_bspa
_cICI
050 _aHD9999.D44
_bE53 2006
111 _aEncuentro Internacional de Diseño y Comercialización
_933415
245 _aEncuentro internacional :
_bdiseño y comercialización /
_c[Encuentro Internacional de Diseño y Comercialización]
300 _a179 páginas
_bSin ilustraciones
_c24 cm
500 _aMemorias de congreso sobre diseño y estrategias de comercialización
650 _aDiseño industrial
_vCongresos
_933416
650 _aComercialización
_vCongresos
_933417
650 _aDiseño
_vCongresos
_xAspectos económicos
_933418
650 _aInnovación
_vCongresos
_933419
650 _aDesarrollo de productos
_vCongresos
_933420
655 _2local
_aMemorias de congresos
_933421
942 _2lcc
_cB
_n1
999 _c22138
_d22138